Hygiena a sanitace při prodeji poživatin
| Main Author: | |
|---|---|
| Format: | Book |
| Language: | Undetermined |
| PhysicalDescription: | 35 s. |
| Published: |
Praha
Státní zdravotnícké nakladatelství
1954
|
MARC
| LEADER | 00000nam a2200000 a 4500 | ||
|---|---|---|---|
| 001 | vtls001447560 | ||
| 003 | SK-MaSNL | ||
| 005 | 20260224024839.0 | ||
| 008 | 240315s1954 xx 0 und | ||
| 035 | |a SNK000402820 | ||
| 040 | |a SNK |b slo |c SNK |e AACR2 | ||
| 100 | 1 | |a Halačka, Karel, |d 1910-2002 |4 aut | |
| 245 | 1 | |a Hygiena a sanitace při prodeji poživatin | |
| 260 | |a Praha |b Státní zdravotnícké nakladatelství |c 1954 | ||
| 300 | |a 35 s. | ||
| 999 | |c 815331 |d 817261 | ||
| 952 | |a SNK |b SNK |y NEVYP |7 0 |p 17A0370184 |o snkID 12228 D1 |0 0 |1 1 |4 0 |d 2003-01-09 |l 0 |r 2005-01-02 00:00:00 |w 2026-02-24 | ||


